[Event "Oceania zt"]
[Site "Tumon"]
[Date "2019.02.22"]
[Round "8"]
[White "Gonzales, Dennis"]
[Black "Hossain, Mohammad Manik"]
[Result "1-0"]
[WhiteElo "1622"]
[BlackElo "1480"]
[PlyCount "47"]
[EventDate "2019.02.18"]
[EventType "swiss"]
[EventRounds "9"]
[EventCountry "GMA"]
[SourceTitle "CBM 189 Extra"]
[Source "ChessBase"]
[SourceDate "2019.06.03"]
[SourceVersion "1"]
[SourceVersionDate "2019.06.03"]
[SourceQuality "1"]

1. d4 d5 2. c4 e6 3. Nc3 a6 4. Nf3 b6 5. e3 Nf6 6. Bd3 Nc6 7. a3 Bd6 8. e4 dxe4 9. Nxe4 Be7 10. Bc2 Bd7 11. 0-0 0-0 12. Qd3 Nxe4 13. Qxe4 f5 14. Qe3 Bf6 15. Rb1 Be8 16. Qxe6+ Rf7 17. Qxf5 Ne7 18. Qxh7+ Kf8 19. Qh8+ Ng8 20. Bh7 Ke7 21. Qxg8 b5 22. Bg6 Rf8 23. Re1+ Kd7 24. Qe6# 1-0

[Event "Oceania zt"]
[Site "Tumon"]
[Date "2019.02.21"]
[Round "6"]
[White "Buciu, Aurel John"]
[Black "Gonzales, Dennis"]
[Result "1-0"]
[WhiteElo "1758"]
[BlackElo "1622"]
[PlyCount "115"]
[EventDate "2019.02.18"]
[EventType "swiss"]
[EventRounds "9"]
[EventCountry "GMA"]
[SourceTitle "CBM 189 Extra"]
[Source "ChessBase"]
[SourceDate "2019.06.03"]
[SourceVersion "1"]
[SourceVersionDate "2019.06.03"]
[SourceQuality "1"]

1. d4 Nf6 2. Bf4 d5 3. e3 g6 4. Nd2 Bg7 5. Be2 0-0 6. Ngf3 Nc6 7. h3 Bf5 8. a3 Re8 9. c3 Ne4 10. Qb3 Na5 11. Qa4 c6 12. 0-0 b5 13. Qd1 Nb7 14. Ne5 Qc8 15. Nxe4 Bxe4 16. Bg4 Bf5 17. Bxf5 gxf5 18. Qh5 Qe6 19. Kh1 f6 20. Nf3 Nd6 21. Bxd6 exd6 22. Nh4 Qf7 23. Qxf5 Re4 24. Nf3 Rae8 25. Nd2 R4e6 26. Qd3 f5 27. Nf3 Bh6 28. b4 a5 29. bxa5 Ra8 30. a4 Rxa5 31. axb5 Rxa1 32. Rxa1 cxb5 33. Ra8+ Kg7 34. Qxb5 Re7 35. Ra5 f4 36. Qxd5 Qxd5 37. Rxd5 fxe3 38. fxe3 Rxe3 39. c4 Rc3 40. Nh4 Rc1+ 41. Kh2 Bf4+ 42. g3 Rc2+ 43. Kh1 Rc1+ 44. Kg2 Bd2 45. Nf5+ Kg6 46. Nxd6 Be1 47. c5 Rc2+ 48. Kf1 Bxg3 49. Ne4 Bf4 50. Rd7 Rh2 51. c6 Rxh3 52. d5 Kf5 53. Nd6+ Bxd6 54. Rxd6 Ke5 55. Rd7 Rf3+ 56. Ke2 Rf8 57. c7 Rc8 58. d6 1-0

[Event "Oceania zt"]
[Site "Tumon"]
[Date "2019.02.18"]
[Round "2"]
[White "Reklai, Reece"]
[Black "Gonzales, Dennis"]
[Result "0-1"]
[WhiteElo "1345"]
[BlackElo "1622"]
[PlyCount "72"]
[EventDate "2019.02.18"]
[EventType "swiss"]
[EventRounds "9"]
[EventCountry "GMA"]
[SourceTitle "CBM 189 Extra"]
[Source "ChessBase"]
[SourceDate "2019.06.03"]
[SourceVersion "1"]
[SourceVersionDate "2019.06.03"]
[SourceQuality "1"]

1. e4 c5 2. Nf3 Nc6 3. d4 cxd4 4. Nxd4 e5 5. Nf3 Nf6 6. Nc3 Bb4 7. a3 Bxc3+ 8. bxc3 Nxe4 9. Bb2 Qb6 10. Qe2 Qxb2 11. Qxe4 Qxa1+ 12. Kd2 0-0 13. Bd3 f5 14. Qd5+ Kh8 15. Rxa1 e4 16. Ng5 exd3 17. Nf7+ Kg8 18. Nh6+ Kh8 19. Nxf5 dxc2 20. Kxc2 d6 21. Nxd6 Ne7 22. Qe5 Bf5+ 23. Kb3 Nc6 24. Qd5 Bg6 25. Qc5 Rf6 26. Nxb7 Rb8 27. Qb5 Be8 28. Qc5 Rxb7+ 29. Ka2 Ne5 30. f3 Bf7+ 31. c4 Bxc4+ 32. Qxc4 Nxc4 33. Rd1 Rf8 34. g4 Rfb8 35. Ka1 Rb3 36. Ka2 Rxa3# 0-1

[Event "Olympiad-42"]
[Site "Baku"]
[Date "2016.09.11"]
[Round "9.4"]
[White "Gonzales, Dennis"]
[Black "Adricula, Noel A"]
[Result "0-1"]
[WhiteElo "1651"]
[BlackElo "1656"]
[PlyCount "68"]
[EventDate "2016.09.02"]
[EventType "team-swiss"]
[EventRounds "11"]
[EventCountry "AZE"]
[SourceTitle "CBM 175"]
[Source "ChessBase"]
[SourceDate "2016.11.10"]
[SourceVersion "1"]
[SourceVersionDate "2016.11.10"]
[SourceQuality "1"]
[WhiteTeam "Palau"]
[BlackTeam "Fiji"]
[WhiteTeamCountry "PAL"]
[BlackTeamCountry "FIJ"]

1. d4 d5 2. c4 e6 3. Nc3 Nf6 4. Bf4 Be7 5. e3 c6 6. a3 0-0 7. Nf3 Nbd7 8. Bd3 h6 9. 0-0 dxc4 10. Bxc4 b5 11. Bd3 Bb7 12. Ne4 Nxe4 13. Bxe4 Rc8 14. b4 Nf6 15. Bc2 Bd6 16. Ne5 Bxe5 17. Bxe5 Nd7 18. Qd3 f5 19. Bg3 Qe7 20. f3 Rce8 21. e4 g6 22. Rae1 Qg7 23. Bd6 Rf7 24. Rf2 Kh8 25. exf5 gxf5 26. f4 Qf6 27. Rfe2 Rg7 28. Bb3 c5 29. bxc5 Be4 30. Qd2 Reg8 31. g3 Qh4 32. Be5 Nxe5 33. fxe5 Rxg3+ 34. Rg2 Rxg2+ 0-1

[Event "Olympiad-41"]
[Site "Tromsoe"]
[Date "2014.08.14"]
[Round "11.3"]
[White "Su, Haifeng"]
[Black "Gonzales, Dennis"]
[Result "1-0"]
[WhiteElo "1724"]
[BlackElo "1720"]
[PlyCount "41"]
[EventDate "2014.08.02"]
[EventType "team-swiss"]
[EventRounds "11"]
[EventCountry "NOR"]
[SourceTitle "CBM 162"]
[Source "ChessBase"]
[SourceDate "2014.09.17"]
[SourceVersion "1"]
[SourceVersionDate "2014.09.17"]
[SourceQuality "1"]
[WhiteTeam "Guyana"]
[BlackTeam "Palau"]
[WhiteTeamCountry "GUY"]
[BlackTeamCountry "PAL"]

1. e4 c5 2. Nf3 Nc6 3. Bb5 Qb6 4. Nc3 e6 5. Bxc6 dxc6 6. d3 g6 7. e5 Qc7 8. Ne4 Bd7 9. Bg5 h6 10. Nf6+ Nxf6 11. Bxf6 Rh7 12. Nd2 b6 13. Ne4 Bc8 14. Qg4 Be7 15. 0-0-0 Ba6 16. Qh4 Rd8 17. Bxe7 g5 18. Bxd8 Qxe5 19. Bxg5 hxg5 20. Qxh7 Qf4+ 21. Rd2 1-0

[Event "Olympiad-41"]
[Site "Tromsoe"]
[Date "2014.08.09"]
[Round "7.4"]
[White "Bazil, Joslin"]
[Black "Gonzales, Dennis"]
[Result "1-0"]
[WhiteElo "1911"]
[BlackElo "1720"]
[PlyCount "99"]
[EventDate "2014.08.02"]
[EventType "team-swiss"]
[EventRounds "11"]
[EventCountry "NOR"]
[SourceTitle "CBM 162"]
[Source "ChessBase"]
[SourceDate "2014.09.17"]
[SourceVersion "1"]
[SourceVersionDate "2014.09.17"]
[SourceQuality "1"]
[WhiteTeam "Haiti"]
[BlackTeam "Palau"]
[WhiteTeamCountry "HAI"]
[BlackTeamCountry "PAL"]

1. d4 d5 2. c4 Nf6 3. Nc3 e6 4. Nf3 Bb4 5. e3 0-0 6. a3 Bxc3+ 7. bxc3 Ne4 8. Qc2 Nf6 9. Bd3 h6 10. 0-0 Nc6 11. Re1 Re8 12. cxd5 exd5 13. c4 Bg4 14. Nd2 Nxd4 15. Qb1 dxc4 16. Nxc4 Qd7 17. Bb2 Nc6 18. f3 Bh5 19. Rd1 Qe7 20. Bxf6 Qxf6 21. Qxb7 Ne5 22. Nxe5 Qxe5 23. e4 Red8 24. Bf1 Qc5+ 25. Kh1 Rab8 26. Qa6 Rxd1 27. Rxd1 Rb2 28. Qd3 Qf2 29. Qd4 Qxd4 30. Rxd4 f6 31. Kg1 Kh7 32. Ra4 Rb7 33. Ra6 Be8 34. Kf2 c5 35. Bc4 Kg6 36. g4 Rb2+ 37. Kg3 Rc2 38. Bd5 c4 39. Rxa7 c3 40. Rc7 Rc1 41. h4 c2 42. Kf4 Kh7 43. Bb3 Ba4 44. Bxa4 Ra1 45. Bxc2 Rxa3 46. e5+ Kg8 47. e6 g5+ 48. hxg5 fxg5+ 49. Ke5 Re3+ 50. Be4 1-0